| 000 | 00888 a2200157 4500 | ||
|---|---|---|---|
| 003 | NUST | ||
| 005 | 20230815121538.0 | ||
| 040 | _cNust | ||
| 082 | _a621.395,MAN | ||
| 100 |
_aMano, M. Morris _92910 |
||
| 245 |
_aDigital Design / _cM. Morris Mano |
||
| 250 | _a4th Ed. | ||
| 300 | _axv,623p.; | ||
| 505 | _aDigital Systems and Binary Systems (Page-1), Boolean Algebra And Logic Gates (Page-34), Gate- Level Minimization (Page-67), Combinational Logic (Page-135), Syschronous Sequential Logic (Page-197), Registers , Counters (Page-253), Memory and Programmable Logic (Page-307), Design at the Register transfer Level (Page-355), Asynchronous Sequential Logic (Page-434), Digital Intrgrated Circuits (Page-486), Laboratory Experiments With Standard ICs and FPGAs (Page-524), Standard Graphic Symbols (Page-573), Answer to Selected Problems (Page-591). | ||
| 942 |
_2ddc _cBK _k621.395,MAN |
||
| 999 |
_c189726 _d189726 |
||